| 000 | 00901nam a22002177a 4500 | ||
|---|---|---|---|
| 999 |
_c1031 _d1031 |
||
| 003 | AR-CdUCM | ||
| 008 | 190226b ||||| |||| 00| 0 spa d | ||
| 040 |
_aMUNICIPALIDAD PROVINCIAL DEL CUSCO _cBIBLIOTECA MUNICIPAL DEL CUSCO |
||
| 082 |
_22ed. _a345.702 / _bE88 |
||
| 100 |
_aEspinosa Solis de Ovando, Alejandro _94013 |
||
| 245 |
_aManual de procedimiento civil : _brecursos procesales / |
||
| 260 |
_aChile : _bJurídica de Chile , _c1957. |
||
| 300 |
_a338 páginas ; _c20 cm. |
||
| 440 |
_aManuales Jurídicos _n16 _94014 |
||
| 505 | _aRecursos de aclaración o interpretación y de rectificación e enmienda -- Recurso de reposición -- Recurso de apelación -- De la tramitación del recurso -- De los efectos de la apelación... | ||
| 650 |
_aDerecho. _9739 |
||
| 650 |
_aRecursos de apelación. _94015 |
||
| 650 |
_aLeyes de chile. _94016 |
||
| 942 |
_2ddc _cLIBROS |
||
| 945 |
_awfj _d2019-02-26 |
||